Estatuto de la ciudadanía española en el exterior. (Record no. 169824)

MARC details
000 -LEADER
campo de control de longitud fija 00780nam a2200205 i 4500
001 - NÚMERO DE CONTROL
campo de control 169824
003 - IDENTIFICADOR DE NÚMERO DE CONTROL
campo de control ES-MaACL
005 - FECHA Y HORA DE LA ÚLTIMA TRANSACCIÓN
campo de control 20250827062638.0
008 - DATOS DE LONGITUD FIJA--INFORMACIÓN GENERAL
campo de control de longitud fija 081203s2007 sp |||| | spa d
080 ## - NÚMERO DE LA CLASIFICACIÓN DECIMAL UNIVERSAL
Número de la Clasificación Decimal Universal 351.84(460)"2006"(094.5)
110 1# - ENTRADA PRINCIPAL--NOMBRE DE ENTIDAD CORPORATIVA
Nombre de entidad corporativa o nombre de jurisdicción como elemento de entrada España
9 (RLIN) 3622
240 10 - TÍTULO UNIFORME
Título uniforme Ley del estatuto de la ciudadanía española en el exterior.
Fecha de publicación/de la obra 2006
245 10 - MENCIÓN DEL TÍTULO
Título Estatuto de la ciudadanía española en el exterior.
250 ## - MENCION DE EDICION
Mención de edición Edición de bolsillo.
260 ## - PUBLICACIÓN, DISTRIBUCIÓN, ETC.
Lugar de publicación, distribución, etc. Madrid :
Nombre del editor, distribuidor, etc. Ministerio de Trabajo y Asuntos Sociales, Subdirección General de Información Administrativa y Publicaciones:,
Fecha de publicación, distribución, etc. [2007]
300 ## - DESCRIPCIÓN FÍSICA
Extensión 48 p. ;
Dimensiones 17 cm.
650 #4 - PUNTO DE ACCESO ADICIONAL DE MATERIA--TÉRMINO DE MATERIA
Término de materia o nombre geográfico como elemento de entrada Españoles-
Subdivisión geográfica Países extranjeros-
Subdivisión general Estatuto jurídico.
9 (RLIN) 138987
852 ## - LOCALIZACIÓN
Ubicación ES-MaACL
Número de control de estantería 2239-F-15
itemnumber R.142840
Holdings
Estatus retirado Estado de pérdida Estado de daño No para préstamo Colección Biblioteca de origen Biblioteca actual Ubicación en estantería Fecha de adquisición Fuente de adquisición Total de préstamos Signatura topográfica completa Código de barras Visto por última vez Precio de reemplazo Tipo de ítem Koha
        Colección de folletos Biblioteca del Ateneo de Madrid Biblioteca del Ateneo de Madrid Depósito folletos 03/12/2008     2239-F-15 1178296 23/02/2023 23/02/2023 Folleto